000 02117nam a22003377a 4500
005 20180117152128.0
010 _aB-685444 B-664482
020 _c60.00
_a8126005130
035 _aB-685444
035 _aB-664482
037 _bनॉर्थ इंडिया पब्लिशर्स
037 _bस्टार पब्लिकेशन
082 _a910.4
_bपटेल
100 _aपटेल, भोलाभाई
245 _aदेवों की घाटी /
_cभोलाभाई पटेल: अनुवादक मृदुल पारीक
246 _aDevon ki ghati /
_bby Bholabhai Patel; nuvadak mridula Parik
260 _aनयी दिल्ली
_bसाहित्य अकादमी
_c2014
270 _bनयी दिल्ली
_e110001
_aरबिन्द्र भवन, 35, फ़िरोज़ शाह मार्ग
300 _a163पृ.
_c19सेमी (सजिल्द)
500 _aसाहित्य अकादेमी द्वारा पुरस्कृत गुजरती यात्रा-व्रन्त
505 _aराष्ट्रपति भवन
520 _aAW
650 _aभूगोल
_zचाइना
650 _aमृदुल की घटी
_xप्राकृतिक सौन्दर्य
650 _aGeography
650 _aLack mradul
_xNatural beauty
700 _aपारीक, मृदुल
_946664
942 _2ddc
_cHN
_h910.4
_mपटेल
999 _c148497
_d148497